| 000 | 00650nam a22002057a 4500 | ||
|---|---|---|---|
| 999 |
_c17249 _d17249 |
||
| 003 | AR-CdUCM | ||
| 008 | 190507b ||||| |||| 00| 0 spa d | ||
| 040 |
_aMUNICIPALIDAD PROVINCIAL DEL CUSCO _cBIBLIOTECA MUNICIPAL DEL CUSCO |
||
| 082 |
_a869.56 / _bC22 |
||
| 100 |
_aCamino Calderón, Carlos _99048 |
||
| 245 | _aMi molino / | ||
| 260 |
_aLima : _bEl cóndor, _c1947. |
||
| 300 |
_a94 páginas ; _c22 cm. |
||
| 505 | _aContenido : Camino y compañía -- De puertas adentro -- El sombrero y el bastón ... | ||
| 650 |
_aLiteratura _983 |
||
| 650 |
_aPeruana _925277 |
||
| 650 |
_aSiglo XX _98 |
||
| 942 |
_2ddc _cLIBROS |
||
| 945 |
_arah _d07/05/2019 |
||